Reforma do processo civil : (Record no. 277)

MARC details
000 -LÍDER
Campo Fixo de Controle 00836nam a22002537a 4500
001 - NÚMERO DE CONTROLE
Campo de Controle 277
003 - IDENTIFICAÇÃO DO NÚMERO DE CONTROLE
Campo de Controle BR-CuiBMT
005 - DATA E HORA DA ÚLTIMA ATUALIZAÇÃO
Campo de Controle 20231025201327.0
008 - DADOS FIXOS
Dados Fixos 230919s2010 mgb 000 0 por d
020 ## - INTERNATIONAL STANDARD BOOK NUMBER
Nº do ISBN 9788577004041
040 ## - AGÊNCIA CATALOGADORA
Código da Agência Catalogadora BR-CuiBMT
Agência que transcreveu o registro BR-CuiBMT
080 ## - Nº DA CLASSIFICAÇÃO DECIMAL UNIVERSAL
Nº edição CDU 2007
Nº Class. CDU 347.91/.95
090 ## - NÚMERO DE CHAMADA
Nº classificação 347.91/.95
Cutter R332
245 00 - TÍTULO PRINCIPAL
Título principal Reforma do processo civil :
Subtítulo perspectivas constitucionais /
Indicação de responsabilidade Flaviane de Magalhães Barros, Jose Luis Bolzan de Morais, coordenadores.
260 ## - PUBLICAÇÃO, DISTRIBUIÇÃO, ETC.
Local de publicação Belo Horizonte :
Editora Fórum,
Data 2010.
300 ## - DESCRIÇÃO FÍSICA
N. páginas ou volumes 305 p. ;
Dimensões 22 cm
504 ## - NOTA DE BIBLIOGRAFIA, ETC.
Nota de bibliografia Inclui bibliografia.
650 ## - ASSUNTO TÓPICO
Cabeçalho tópico ou nome geográfico Direito processual
650 ## - ASSUNTO TÓPICO
Cabeçalho tópico ou nome geográfico Processo constitucional
650 ## - ASSUNTO TÓPICO
Cabeçalho tópico ou nome geográfico Direito processual
Subdivisão geral Processo civil
-- Reforma
700 1# - ENTRADA SECUNDÁRIA -- NOME PESSOAL
Nome pessoal Barros, Flaviane de Magalhães
Cód. do termo explicativo coord.
700 1# - ENTRADA SECUNDÁRIA -- NOME PESSOAL
Nome pessoal Morais, Jose Luis Bolzan
Cód. do termo explicativo coord.
942 ## - ELEMENTOS DE ENTRADA ADICIONAIS (KOHA)
Fonte de classificação ou esquema de arquivamento Classificação Decimal Universal
Tipo de item do Koha Livros
Holdings
Estado: removido Estado: perdido Fonte de classificação ou esquema de arquivamento Estado: danificado Indisponível para empréstimo Localização permanente Localização atual Data de aquisição Total Checkouts Número de Chamada completo Código de barras Date last seen Número do exemplar Preço efetivo a partir de Tipo de item (Koha)
    Classificação Decimal Universal     Biblioteca da Escola Superior de Contas do TCE/MT Biblioteca da Escola Superior de Contas do TCE/MT 28/07/2023   347.91/.95 R332 BIBTCEMT23090059 19/09/2023 Ex. 1 19/09/2023 Livros

Powered by Koha